000 00452nam a2200181Ia 4500
001 11507
005 20260306162833.0
008 260306t1974||||xx |||||||||||||| ||spa||
041 _aESP
082 _a985.063
_bP19
100 _aPalacios Rodríguez, Raúl
_eAUT
245 0 _aLa chilenización de Tacna y Arica 1883 - 1929
260 _c1974
300 _a316 páginas :
_c21 cm.
650 _aGEN
654 _aCHU
942 _cLIB
_dJUS
_fJUS
_2ddc
_n
999 _c11507
_d11507